[Event "77th Armenian Women Championship 2022"]
[Site "Yerevan"]
[Date "2022.01.20"]
[Round "9.2"]
[White "Avetisyan, Mariam"]
[Black "Arakelyan, Nare"]
[Result "1-0"]
[WhiteElo "2012"]
[BlackElo "1912"]
[Annotator "TA"]
[PlyCount "153"]
[EventDate "2022.01.12"]
[EventType "tourn"]
[EventCountry "ARM"]
[SourceTitle "playchess.com"]
[Source "ChessBase"]
[SourceQuality "1"]

{[%evp 13,153,17,17,21,21,16,17,18,28,14,14,7,22,30,28,10,18,17,20,13,14,11,13,-4,-4,-13,0,-12,0,-18,10,0,16,0,0,-10,-14,-17,0,0,0,0,6,0,0,0,0,0,0,0,0,0,0,0,32,21,29,14,24,14,56,49,49,49,50,50,50,50,45,32,93,89,92,81,115,27,110,108,115,115,115,115,115,115,173,169,193,200,193,194,177,191,191,142,142,97,98,97,102,87,252,235,323,341,314,291,383,380,485,485,488,468,448,468,481,481,481,481,474,473,450,407,2445,2044,29976,29977,29977,29978,29965,5111,5097,5097,5093,5089,5089,5081,4133,2914,29971,29973,5695,2179]} 1. d4 d5 2. c4 c6 3. cxd5 cxd5 4. Bf4 Nf6 5. Nc3 Nc6 6. e3 Bf5 7. Qb3 Na5 $1 8. Qa4+ {D10: Slav Defence: 3 cxd5 (without early Nf3) and 3 Nc3.} Bd7 9. Qc2 {Black should prevent Nb5.} e6 10. Bd3 {The position is equal.} Nc6 11. a3 {Inhibits Nb4.} Nh5 12. Be5 {has lost popularity (12.Bg3).} f6 13. Bg3 f5 14. Nf3 Be7 15. Ne5 O-O {[%cal Bh8f8,Bf8f6,Bf6h6,Bh6h3][%mdl 32]} 16. Nxc6 Bxc6 17. Be5 {[%cal Og2g4]} Nf6 18. Bxf6 Rxf6 19. f4 {[%cal Og2g4]} Rc8 {[#]} 20. O-O $146 ({Predecessor:} 20. g4 Qd7 21. gxf5 exf5 22. Rg1 Rf7 23. Qf2 a5 24. Rc1 b5 25. Ke2 b4 26. axb4 axb4 {0-1 (72) Damjanovic,V (2031)-Dishman,S (2272) Porto Carras 2018}) 20... Rh6 21. Kh1 Qe8 22. Qe2 g5 23. g3 g4 24. Rac1 a6 25. Na2 Rh3 26. Nc3 {[%cal Ba2c3,Bc3d1,Bd1f2,Bf2d3,Bd3e5][%mdl 32]} Kg7 27. Nd1 Qh5 {[%cal Oc6b5] Strongly threatening ...Bb5!} 28. Qg2 Qe8 29. Nf2 Rh6 30. Be2 Rg6 31. Nd3 h5 32. Ne5 Rh6 33. h4 gxh3 34. Qxh3 Ba4 35. Bd3 Rh8 36. Qg2 Kf6 (36... Bf6 $11) 37. Qh2 {aiming for Rxc8.} Kg7 38. Qd2 Bd6 39. Rxc8 Qxc8 40. Rc1 Qd8 41. Nf3 h4 ({Better is} 41... Rg8 $14) 42. gxh4 $16 Be7 43. Rg1+ Kf8 44. Rg2 (44. Kg2 $16) 44... Be8 (44... Bxh4 $11 45. Rh2 Qe7) 45. Rh2 $1 Qb6 46. Ng5 Bf7 47. Qc3 Qd8 48. Kg1 {White is much more active.} Qd7 (48... Bd6 $16 {is a better defense.} 49. Be2 Ke7) 49. Rc2 $1 $18 {And now Qc8+ would win.} Rxh4 50. Qc8+ Qxc8 51. Rxc8+ Kg7 {[#]} 52. Nf3 Rg4+ 53. Kf1 ({White should play} 53. Kh2 $18) 53... Bh5 $16 54. Be2 ({Don't play} 54. Rc7 Kf8 $16) (54. Ne5 $142 Rg3 55. Rc7) 54... Rg3 {[#]} 55. Rc7 $1 Kf8 56. Ne5 Bxe2+ {This move loses the game for Black.} (56... Be8 $16 {might work better.}) 57. Kxe2 {[%mdl 4096] Endgame KRB-KRN} Bh4 58. Rxb7 Rg2+ 59. Kd3 Be1 60. Nf3 {To avoid Rd2+} Ba5 61. b4 {[%cal Bb2b4,Bb4a5,Ba5a6][%mdl 32]} Bd8 62. Rb8 Ke7 63. Ra8 a5 64. Ne5 Bc7 65. bxa5 ({Not} 65. Ra7 Kd8 66. Nc6+ (66. bxa5 Ra2 $18) 66... Kc8 67. Nxa5 (67. bxa5 Ra2 $18) 67... Rg3 68. Ra8+ Kd7 $18) 65... Ra2 66. a6 Rxa3+ 67. Ke2 Bxe5 (67... Ra4 $142 68. Ng6+ Kd7 69. Nf8+ Ke7) 68. fxe5 $18 {White wants to mate with a7. KR-KR} Kd7 69. a7 Kc7 70. Re8 Rxa7 71. Rxe6 (71. Re7+ $142 Kb8 72. Rxa7 Kxa7 73. Kf3 Kb6 74. Kf4 Kb5 75. Kg5 Kc4 76. Kf6) 71... Ra2+ 72. Kf3 Ra1 73. Rd6 Rf1+ 74. Ke2 Rh1 75. Rxd5 {Black must now prevent e6.} f4 76. exf4 Rh2+ 77. Ke3 {Weighted Error Value: White=0.08 (flawless) /Black=0.19 (very precise)} 1-0

[Event "77th Armenian Women Championship 2022"]
[Site "Yerevan"]
[Date "2022.01.20"]
[Round "9.3"]
[White "Gevorgyan, Maria"]
[Black "Mkrtchyan, Mariam"]
[Result "0-1"]
[WhiteElo "2218"]
[BlackElo "2262"]
[Annotator "TA"]
[PlyCount "126"]
[EventDate "2022.01.12"]
[EventType "tourn"]
[EventCountry "ARM"]
[SourceTitle "playchess.com"]
[Source "ChessBase"]
[SourceQuality "1"]

{[%evp 9,126,11,19,12,11,12,25,2,12,10,8,12,15,-12,5,0,15,11,10,-9,-12,-4,0,-21,-13,-80,-80,-97,-39,-43,0,-16,0,-60,-31,-84,-64,-91,-54,-81,-62,-87,-85,-146,-75,-83,-56,-65,-65,-78,0,-3,-11,-72,-59,-83,-88,-97,-6,-6,0,0,0,0,0,0,0,0,0,-58,0,0,0,0,0,0,-1,-42,-74,-1059,-892,-1352,-1294,-1158,-1056,-2393,-2070,-1778,-781,-12836,-12836,-12837,-12835,-12835,-12835,-12836,-12836,-12837,-12837,-12837,-12838,-12838,-12839,-12839,-12839,-12841,-12841,-29984,-29985,-29991,-12843,-12844,-12843,-12844,-12843,-12847,-12847,-29993,-29994]} 1. e4 c6 2. Nf3 d5 3. Nc3 Bg4 4. d4 e6 5. Bd3 Nf6 6. O-O {B11: Caro-Kann: Two Knights Variation.} Be7 7. Be3 Bh5 {[#]} 8. Re1 $146 {White has an edge.} ({Predecessor:} 8. h3 Bg6 9. e5 Nfd7 10. Ne2 c5 11. c3 Nc6 12. Nf4 Rc8 13. Nxg6 hxg6 14. a3 {½-½ (71) Guillermo Gonzalez,A (1995)-Garcia Padron,J (2411) Las Palmas 2019}) 8... dxe4 9. Nxe4 Nxe4 10. Bxe4 Nd7 11. c4 Nf6 12. Bd3 O-O 13. h3 c5 14. dxc5 Bxf3 15. gxf3 a5 16. a3 a4 {[%mdl 1024] Black has compensation.} 17. Kh1 (17. b3 $11 {remains equal.}) 17... Qc7 $17 18. Rg1 Kh8 (18... Rfd8 $17) 19. Qd2 $15 Rad8 20. Qc3 e5 21. Rae1 (21. Bc2 $11) 21... Bxc5 22. Bf1 (22. Bc2 $15) 22... Rfe8 $17 23. Qc1 Bf8 {Black is much more active.} 24. Bg5 Qc6 25. Qc3 h6 26. Bc1 (26. Bh4 $142) 26... Nd7 (26... Bc5 $142 27. Re2 Bd4) 27. Bg2 f5 28. Qc2 g6 29. Bd2 Nc5 (29... Nb6 $17 30. Bc3 Bg7) 30. Bc3 $1 $11 {And now f4 would win.} Bg7 ({Don't play} 30... Nd3 31. Rd1 Nc5 32. Rxd8 Rxd8 33. f4 $16 (33. Bxe5+ Bg7 $16)) 31. Re3 {To avoid Nd3} (31. Bxe5 $11 {keeps the balance.} Bxe5 32. f4) 31... Qc7 $17 32. Rge1 Kh7 33. Qe2 {[%cal Rc3e5]} f4 ({Black should play} 33... b6 $17 {...f4 is the strong threat.} 34. Qc2 Nb3) 34. Bxe5 $11 Bxe5 35. Rxe5 Rxe5 36. Qxe5 Qxe5 37. Rxe5 {[%mdl 4096] Endgame KRB-KRN} Rd1+ 38. Kh2 b6 {White must now prevent ...Rd2.} 39. Rd5 {To avoid Rd2} (39. Re7+ $1 $11 Kg8 40. Re8+ Kf7 41. Rb8) 39... Rxd5 (39... Rb1 $15 40. Rd2 Nb3 41. Rd7+ Kg8) 40. cxd5 $15 {KB-KN} Kg7 41. Bf1 Kf6 42. Bc4 Ke5 43. h4 (43. Kg2 $11) 43... Kd4 44. Ba2 {[%mdl 8192] Loses the game.} (44. Bb5 $17 Kxd5 45. Kh3) 44... Kd3 $1 $19 {Strongly threatening ...Kc2.} 45. Bb1+ {[#]} Kd2 $1 46. Kh3 {[#]} Kc1 $1 {[%csl LRb1,LRb2]} 47. b4 axb3 48. Bxg6 Nd7 49. Bf5 Ne5 50. d6 b2 51. d7 {[#]} Nxd7 $1 {[%mdl 512]} 52. Kg4 Nc5 53. Kh5 Nb3 54. Kxh6 Nd4 {[%csl LRf3,LRf5]} 55. Be4 Nc2 56. h5 b1=Q 57. Kh7 Qb3 {( -> ...Qf7+)} 58. Bg6 {Inhibits Qf7+.} Nd4 59. h6 Ne6 (59... Qe6 $142 60. Kg7 Qe7+ 61. Bf7 Ne6+ 62. Kg6 Qg5+ 63. Kh7 Nf8+ 64. Kh8 Nd7 65. Be8 Nf6 66. h7 Nxe8 67. a4 Qg7#) 60. Bf5 Ng5+ 61. Kg6 Qg8+ 62. Kh5 Nh7 {[%csl Gh7][%cal Rg8g5]} 63. Bg6 Qd5+ {Weighted Error Value: White=0.63/Black=0.17 (very precise)} 0-1

[Event "77th Armenian Women Championship 2022"]
[Site "Yerevan"]
[Date "2022.01.20"]
[Round "9.4"]
[White "Yedigaryan, Asya"]
[Black "Gaboyan, Susanna"]
[Result "0-1"]
[WhiteElo "2022"]
[BlackElo "2254"]
[Annotator "TA"]
[PlyCount "102"]
[EventDate "2022.01.12"]
[EventType "tourn"]
[EventCountry "ARM"]
[SourceTitle "playchess.com"]
[Source "ChessBase"]
[SourceQuality "1"]

{[%evp 16,102,30,29,41,15,31,0,22,29,27,41,39,25,24,33,26,0,-3,-82,-79,-81,-84,-89,-79,-80,-86,-103,-82,-166,-176,-283,-290,-310,-275,-285,-263,-287,-294,-303,-137,-219,-209,-272,-274,-278,-264,-339,-297,-297,-297,-284,-283,-340,-340,-418,-324,-379,-385,-367,-370,-489,-485,-690,-689,-693,-685,-639,-580,-702,-657,-716,-687,-746,-737,-850,-850,-748,-604,-568,-542,-783,-745,-758,-735,-29960,-29978,-2043,-1312]} 1. e4 d6 2. d4 Nf6 3. Nc3 e5 4. Nf3 Nbd7 5. Bc4 Be7 6. O-O O-O 7. h3 h6 8. Be3 c6 9. a4 Re8 {C41: Philidor Defence.} 10. Ba2 a5 {[#]} 11. Nh2 $146 ({Predecessor:} 11. Nh4 Nf8 12. Qf3 exd4 13. Bxd4 Ne6 14. Bxe6 Bxe6 15. Nf5 Bxf5 16. Qxf5 Qd7 17. Qf3 {0-1 (46) Narayanan,S (2478)-Sivuk,V (2566) New Delhi 2016}) 11... Bf8 {The position is equal.} 12. Re1 exd4 13. Bxd4 Ne5 14. f4 Ng6 15. Qf3 Be6 16. Ng4 (16. f5 {keeps more tension.} Bxa2 17. fxg6 Bc4 18. b3 Be6 19. gxf7+ Bxf7 20. Rf1) 16... Nxg4 17. Bxe6 {[#]} (17. hxg4 $11 {keeps the balance.} Bxa2 18. Nxa2) 17... N4e5 $1 $17 {Black continues to play with concentration.} 18. fxe5 Rxe6 {[%cal Be8e6,Be6g6,Bg6g5][%mdl 32]} 19. exd6 Bxd6 {[%cal Bf8d6,Bd6g3,Bg3f4,Bf4c7][%mdl 32]} 20. Rf1 Qe7 21. Rae1 Nh4 22. Qh5 (22. Qg4 $2 Rg6 23. Qe2 Rxg2+ 24. Qxg2 Nxg2 25. Kxg2 Qg5+ 26. Kf3 Rd8 $19) (22. Qf2 $17 {is a better defense.}) 22... Rg6 $36 {[%mdl 2048] Keeping White busy.} 23. Re2 {[#]} (23. g4 {is the only way for White.}) 23... Rg5 $1 24. Qxh4 {Hoping for Qf2.} Bg3 {Inhibits Qf2.} 25. Qxg5 ({Avoid the trap} 25. Nd5 $2 cxd5 26. Qxg5 hxg5 $19) 25... hxg5 (25... Qxg5 $2 {loses.} 26. Nd1 $19) 26. Rf3 Bf4 27. g3 Qd7 28. Rd3 (28. Bxg7 $17 {might work better.} Kxg7 29. gxf4) 28... Bc7 ({And not} 28... Bxg3 29. Bb6 Qxh3 30. Rg2 $11) 29. Kg2 Qe6 30. Be3 f6 31. Red2 Be5 32. Bd4 Rd8 33. Bxe5 Rxd3 34. Rxd3 Qxe5 {[%mdl 4096] Endgame KQ-KRN} 35. Rd7 b6 36. Kf3 Qe6 {[%csl LRd7,LRh3]} 37. Rd8+ Kh7 38. Kg2 b5 {Threatens to win with ...b4.} 39. axb5 (39. Kf2 $142) 39... cxb5 40. Rd4 Qc6 41. Rd2 Qc4 42. Kf3 Qf1+ 43. Rf2 Qh1+ 44. Rg2 a4 45. Nd5 Qxh3 46. Ne3 Qh1 {And now ...b4 would win.} 47. c3 Kg6 48. Ke2 Qb1 {[%csl LRb2,LRe4]} 49. Kf3 Qd3 {[%cal Og5g4] Strongly threatening ...g4+!} 50. Rg1 g4+ 51. Kf4 Qe2 {Weighted Error Value: White=0.57/Black=0.13 (very precise)} 0-1